[Event "Olomouc Chess Summer 2017 - IM 1"]
[Site "Olomouc (CZE)"]
[Date "2017.08.16"]
[Round "6.5"]
[White "Karayev 2228, Kanan"]
[Black "Klima 2332, Lukas"]
[Result "1-0"]
[WhiteElo "2228"]
[BlackElo "2332"]
[PlyCount "55"]
[EventDate "2017.??.??"]

1. e4 c5 2. Nf3 Nc6 3. Bb5 g6 4. c3 Bg7 5. d4 cxd4 6. cxd4 Nf6 7. Nc3 d5 8. Ne5
O-O 9. Nxc6 bxc6 10. Bxc6 Rb8 11. e5 Ne4 12. O-O Nxc3 13. bxc3 Ba6 14. Re1 Bc4
15. Ba4 Qc7 16. Bc2 Rb6 17. h4 Ba6 18. Bd2 Bc8 19. h5 Rd8 20. Qf3 Rb2 21. Rac1
Rxc2 22. Rxc2 Bf5 23. Rb2 Qd7 24. h6 Bf8 25. Qe2 Rc8 26. Qa6 Rc6 27. Qa5 Rc4
28. Rb5 1-0

[Event "Olomouc Chess Summer 2017 - IM 2"]
[Site "Olomouc (CZE)"]
[Date "2017.08.16"]
[Round "6.1"]
[White "Burnett 2209, Andrew"]
[Black "Mammadova 2277, Narmin"]
[Result "1/2-1/2"]
[WhiteElo "2209"]
[BlackElo "2277"]
[PlyCount "69"]
[EventDate "2017.??.??"]

1. d4 d5 2. c4 dxc4 3. Nf3 Nf6 4. Nc3 a6 5. e4 b5 6. e5 Nd5 7. a4 b4 8. Nxd5
Qxd5 9. Be2 Bb7 10. O-O Nc6 11. e6 fxe6 12. Be3 Rb8 13. a5 g6 14. Qa4 Bg7 15.
Rfc1 c3 16. bxc3 O-O 17. Rab1 Kh8 18. cxb4 Nxd4 19. Bxd4 Bxd4 20. b5 e5 21.
bxa6 Ba8 22. Rxb8 Rxb8 23. Qc4 Qxc4 24. Rxc4 Bxf3 25. gxf3 Rb1+ 26. Kg2 Ra1 27.
f4 Rxa5 28. fxe5 Bxe5 29. Rb4 Kg7 30. Rb7 Kf6 31. Bc4 Ra3 32. h4 Ra4 33. Be2
Ra2 34. Kf3 Bd6 35. Bc4 1/2-1/2

[Event "Olomouc Chess Summer 2017 - IM 2"]
[Site "Olomouc (CZE)"]
[Date "2017.08.16"]
[Round "6.2"]
[White "Tymrakiewicz 2188, Rafal"]
[Black "Pranav 2155, Anand"]
[Result "1-0"]
[WhiteElo "2188"]
[BlackElo "2155"]
[PlyCount "47"]
[EventDate "2017.??.??"]

1. d4 Nf6 2. Nf3 e6 3. Bg5 c5 4. e3 b6 5. Nbd2 cxd4 6. exd4 Bb7 7. Bd3 Be7 8.
O-O O-O 9. Re1 d6 10. Nf1 Nbd7 11. Ng3 h6 12. Bd2 Re8 13. Rc1 Qb8 14. c4 d5 15.
b3 Bd6 16. Rc2 Bc6 17. Qc1 dxc4 18. bxc4 Ba4 19. Rc3 Bb4 20. Bxh6 gxh6 21. Qxh6
Re7 22. Re5 Nxe5 23. Nh5 Nxf3+ 24. gxf3 1-0

[Event "Olomouc Chess Summer 2017 - IM 2"]
[Site "Olomouc (CZE)"]
[Date "2017.08.16"]
[Round "6.3"]
[White "Biolek-Sen. 2439, Richard"]
[Black "Leeb 2207, Simon"]
[Result "1-0"]
[WhiteElo "2439"]
[BlackElo "2207"]
[PlyCount "63"]
[EventDate "2017.??.??"]

1. e4 c6 2. Nc3 d5 3. Nf3 g6 4. d4 Bg7 5. h3 dxe4 6. Nxe4 Nd7 7. Bc4 Nb6 8. Bb3
Nf6 9. Nxf6+ exf6 10. O-O O-O 11. Bf4 Bf5 12. Re1 g5 13. Bg3 Qd7 14. Qd2 a5 15.
a4 Nd5 16. Re2 b6 17. Rae1 Rae8 18. c3 h6 19. Nh2 Be6 20. Bc2 h5 21. h4 g4 22.
Nf1 Ne7 23. Ne3 Rd8 24. Qd3 f5 25. Nc4 Ng6 26. Nxb6 Qb7 27. Nc4 c5 28. Nxa5 Qc8
29. Rxe6 fxe6 30. Bb3 Rfe8 31. Qxf5 Nf8 32. Qxc5 1-0

[Event "Olomouc Chess Summer 2017 - IM 2"]
[Site "Olomouc (CZE)"]
[Date "2017.08.16"]
[Round "6.4"]
[White "Jurek 2274, Josef"]
[Black "Nitish 2269, Belurkar"]
[Result "0-1"]
[WhiteElo "2274"]
[BlackElo "2269"]
[PlyCount "66"]
[EventDate "2017.??.??"]

1. Nf3 Nf6 2. c4 c6 3. Nc3 d5 4. e3 e6 5. b3 Nbd7 6. Qc2 Be7 7. d4 O-O 8. Bd3
b6 9. O-O Bb7 10. Rd1 Qc7 11. Bb2 h6 12. Rac1 Rac8 13. Qe2 Rfd8 14. e4 dxe4 15.
Nxe4 Nxe4 16. Bxe4 Nf6 17. Bb1 c5 18. h3 cxd4 19. Nxd4 Bc5 20. Nb5 Qg3 21. Qf1
Nh5 22. Bd4 Qg5 23. Bxc5 bxc5 24. h4 Qxh4 25. Nd6 Rxd6 26. Rxd6 Nf4 27. f3 Nh3+
28. gxh3 Qg3+ 29. Qg2 Qxd6 30. Be4 Bxe4 31. fxe4 Rd8 32. Kh1 Qe5 33. Re1 Rd3
0-1

[Event "Olomouc Chess Summer 2017 - IM 2"]
[Site "Olomouc (CZE)"]
[Date "2017.08.16"]
[Round "6.5"]
[White "Galyas 2486, Miklos"]
[Black "Olsarova 2283, Karolina"]
[Result "1/2-1/2"]
[WhiteElo "2486"]
[BlackElo "2283"]
[PlyCount "81"]
[EventDate "2017.??.??"]

1. c4 Nf6 2. g3 c6 3. Bg2 d5 4. Nf3 Bf5 5. O-O e6 6. cxd5 exd5 7. d3 h6 8. Nc3
Be7 9. Nd4 Bh7 10. e4 dxe4 11. dxe4 O-O 12. Nf5 Bxf5 13. exf5 Na6 14. Bf4 Re8
15. Qc2 Nb4 16. Qb3 Qd7 17. a3 Nbd5 18. Rad1 Rad8 19. Qc2 Bf8 20. Nxd5 Nxd5 21.
f6 g6 22. Bxd5 cxd5 23. Be3 b6 24. b4 Qe6 25. Bd4 a5 26. Qa4 axb4 27. axb4 b5
28. Qxb5 Rb8 29. Qd3 Rxb4 30. Bc3 Rb3 31. Qc2 Reb8 32. Qd2 Rc8 33. Rfe1 Qf5 34.
Ba1 Rc2 35. Qf4 Qxf4 36. gxf4 Bc5 37. Bd4 Bxd4 38. Rxd4 Rb6 39. Rxd5 Rxf6 40.
Rd4 Kg7 41. Re3 1/2-1/2

[Event "Olomouc Chess Summer 2017 - open"]
[Site "Olomouc (CZE)"]
[Date "2017.08.16"]
[Round "6.1"]
[White "Nasanjargal 2419, Urtnasan"]
[Black "Kula 2153, Dominik"]
[Result "1-0"]
[WhiteElo "2419"]
[BlackElo "2153"]
[PlyCount "91"]
[EventDate "2017.??.??"]

1. Nf3 f5 2. b3 d6 3. d4 Nf6 4. Bb2 g6 5. g3 Bg7 6. Bg2 O-O 7. O-O c6 8. c4 Qe8
9. d5 Na6 10. Nc3 Bd7 11. Rb1 Nc7 12. b4 a5 13. dxc6 bxc6 14. b5 Rb8 15. Nd4
cxb5 16. cxb5 d5 17. Ba3 Ne4 18. Bxe4 dxe4 19. b6 Ne6 20. Nxe6 Bxe6 21. Nd5 Rb7
22. Nc7 Qf7 23. Nxe6 Qxe6 24. Qb3 Kf7 25. Rfc1 Qxb3 26. Rxb3 Bd4 27. e3 a4 28.
Rb4 Be5 29. Rc6 Ra8 30. Rb5 Bb8 31. h4 Ke8 32. Rd5 Ra6 33. Bc5 Ra5 34. Rd1 Rb5
35. Rd4 Ra5 36. h5 Kf7 37. g4 fxg4 38. hxg6+ hxg6 39. Kg2 Rb5 40. Rxa4 Rb2 41.
Bd4 Rd2 42. Rac4 g3 43. Rc2 Rxc2 44. Rxc2 gxf2 45. Rxf2+ Ke8 46. a4 1-0

[Event "Olomouc Chess Summer 2017 - open"]
[Site "Olomouc (CZE)"]
[Date "2017.08.16"]
[Round "6.2"]
[White "Gombocz 1894, Ferenc Jr"]
[Black "Baasansuren 2169, Erdene"]
[Result "1-0"]
[WhiteElo "1894"]
[BlackElo "2169"]
[PlyCount "97"]
[EventDate "2017.??.??"]

1. c4 f5 2. g3 Nf6 3. Bg2 e6 4. Nf3 c6 5. O-O d5 6. d3 Bd6 7. Nc3 O-O 8. e4 Be7
9. cxd5 cxd5 10. exf5 exf5 11. Qb3 Kh8 12. Bg5 Nbd7 13. Bxf6 Bxf6 14. Qxd5 Qb6
15. Rab1 Nc5 16. d4 Ne6 17. Rfd1 Rd8 18. Qc4 Nxd4 19. Nd5 Qc6 20. Qxc6 Nxc6 21.
Nxf6 gxf6 22. Rxd8+ Nxd8 23. Nd4 Bd7 24. Bh3 Rc8 25. Bxf5 Bxf5 26. Nxf5 Rc5 27.
g4 h5 28. h3 Ne6 29. Re1 Nf4 30. Re8+ Kh7 31. Re7+ Kh8 32. Kh2 Rb5 33. b3 hxg4
34. hxg4 Ra5 35. Kg3 Nd5 36. Rd7 Nc3 37. Kh4 Kg8 38. a4 b5 39. Kh5 Kf8 40. Kg6
Ke8 41. Rd3 b4 42. Rd4 Nd5 43. Nd6+ Kf8 44. Nb5 Nc3 45. Rxb4 Nd1 46. Rf4 Ra6
47. g5 Rb6 48. gxf6 a6 49. Rd4 1-0

[Event "Olomouc Chess Summer 2017 - open"]
[Site "Olomouc (CZE)"]
[Date "2017.08.16"]
[Round "6.3"]
[White "Valenta 2086, Vit"]
[Black "Kalinowska 1896, Zuzanna"]
[Result "1-0"]
[WhiteElo "2086"]
[BlackElo "1896"]
[PlyCount "89"]
[EventDate "2017.??.??"]

1. b4 c6 2. c4 d5 3. e3 Nf6 4. Bb2 Bf5 5. Nf3 e6 6. a3 Be7 7. Be2 O-O 8. O-O
dxc4 9. Bxc4 Nbd7 10. d4 a5 11. b5 Nb6 12. Be2 cxb5 13. Bxb5 Nbd5 14. Nc3 Nxc3
15. Bxc3 Ne4 16. Be1 Qd5 17. a4 Rfc8 18. Rc1 Nd6 19. Be2 Rxc1 20. Qxc1 Rc8 21.
Qa1 Ne4 22. Ne5 Bg5 23. g4 Bg6 24. f4 Bf6 25. f5 exf5 26. gxf5 Bxe5 27. dxe5
Bxf5 28. Rxf5 Rc6 29. Rf3 Rc2 30. Bf1 Ng5 31. Rg3 Nf3+ 32. Rxf3 Qxf3 33. Qd4 g6
34. Bh4 h6 35. Qf4 Qd5 36. Qxh6 Qxe5 37. Bg3 Qa1 38. Bd6 Qf6 39. Qf8+ Kh7 40.
Bf4 Ra2 41. Qe8 Ra1 42. h4 Qf5 43. Kf2 Ra2+ 44. Kg3 Qd5 45. Be5 1-0

[Event "Olomouc Chess Summer 2017 - open"]
[Site "Olomouc (CZE)"]
[Date "2017.08.16"]
[Round "6.4"]
[White "Lushnikov 2121, Evgeny"]
[Black "Stigar 2236, Petter"]
[Result "1-0"]
[WhiteElo "2121"]
[BlackElo "2236"]
[PlyCount "63"]
[EventDate "2017.??.??"]

1. e4 e6 2. d4 d5 3. e5 c5 4. c3 Nc6 5. Nf3 Nge7 6. Na3 cxd4 7. cxd4 Nf5 8. Nc2
Qb6 9. Bd3 Be7 10. O-O O-O 11. a3 a5 12. g4 Nh6 13. Bxh6 gxh6 14. Qd2 Kg7 15.
Rab1 f6 16. Qe3 Bd7 17. b4 axb4 18. axb4 fxe5 19. Nxe5 Nxe5 20. Qxe5+ Bf6 21.
Qe3 Ba4 22. Rbe1 Rae8 23. Re2 Bxc2 24. Rxc2 Re7 25. g5 hxg5 26. Qh3 Kg8 27.
Rfc1 Rg7 28. Rc8 Bxd4 29. Bxh7+ Rxh7 30. Rxf8+ Kxf8 31. Qxh7 Bg7 32. Qg6 1-0

[Event "Olomouc Chess Summer 2017 - open"]
[Site "Olomouc (CZE)"]
[Date "2017.08.16"]
[Round "6.5"]
[White "Vitak 2086, Jiri"]
[Black "Houska 2202, Jiri"]
[Result "1/2-1/2"]
[WhiteElo "2086"]
[BlackElo "2202"]
[PlyCount "71"]
[EventDate "2017.??.??"]

1. d4 Nf6 2. c4 g6 3. Nc3 Bg7 4. e4 d6 5. f3 O-O 6. Be3 c5 7. Nge2 Nc6 8. d5
Ne5 9. Ng3 e6 10. Qd2 exd5 11. cxd5 a6 12. a4 Bd7 13. h3 b5 14. f4 Nc4 15. Bxc4
bxc4 16. O-O Re8 17. Qf2 h5 18. e5 h4 19. Nge4 Nxe4 20. Nxe4 dxe5 21. Nd6 exf4
22. Nxe8 Bxe8 23. Bxc5 Qxd5 24. Rad1 Qf5 25. Bd4 Bxa4 26. Rc1 g5 27. Bxg7 Kxg7
28. Rxc4 Bb5 29. Rc5 Qf6 30. Re1 Re8 31. Rxe8 Bxe8 32. Kh2 Bb5 33. Qf3 Kg6 34.
Qe4+ Kh6 35. Rf5 Qd6 36. Rxf7 1/2-1/2

[Event "Olomouc Chess Summer 2017 - open"]
[Site "Olomouc (CZE)"]
[Date "2017.08.16"]
[Round "6.6"]
[White "Dvorak 2197, Martin"]
[Black "Zdrazil 1892, Jan"]
[Result "0-1"]
[WhiteElo "2197"]
[BlackElo "1892"]
[PlyCount "76"]
[EventDate "2017.??.??"]

1. e4 c5 2. Nf3 d6 3. d4 cxd4 4. Nxd4 Nf6 5. Nc3 a6 6. Be2 e5 7. Nb3 Be7 8. Be3
Be6 9. Nd5 Nxd5 10. exd5 Bf5 11. Qd2 Nd7 12. c4 a5 13. O-O a4 14. Nc1 Qc7 15.
f3 Nb6 16. Qb4 Nd7 17. Nd3 O-O 18. Rfd1 e4 19. fxe4 Bxe4 20. Nf2 Bg6 21. Rac1
Rfe8 22. Qd2 b6 23. Rf1 Nc5 24. Bd4 Qd8 25. Qc3 Bg5 26. Rce1 a3 27. b3 Qd7 28.
Bxg7 Re3 29. Qa1 Rae8 30. Ng4 Rxe2 31. Bh6 Rxg2+ 32. Kh1 Rb2 33. Bxg5 Rxe1 34.
Nf6+ Kg7 35. Qxe1 Qh3 36. Nh5+ Bxh5 37. Bf6+ Kg6 38. Rg1+ Kxf6 0-1

[Event "Olomouc Chess Summer 2017 - open"]
[Site "Olomouc (CZE)"]
[Date "2017.08.16"]
[Round "6.7"]
[White "Yanjinlkham 1988, Bayarsaikhan"]
[Black "Hoerr 2196, Matthias"]
[Result "0-1"]
[WhiteElo "1988"]
[BlackElo "2196"]
[PlyCount "180"]
[EventDate "2017.??.??"]

1. d4 Nf6 2. c4 e6 3. g3 d5 4. Nf3 Bb4+ 5. Bd2 Be7 6. Bg2 O-O 7. Qc2 c6 8. b3
b6 9. O-O Nbd7 10. Rd1 Ba6 11. a4 Ne4 12. Be1 f5 13. a5 Qb8 14. Nc3 Nd6 15. Ne5
Nxe5 16. dxe5 Nb7 17. axb6 axb6 18. Na4 Nc5 19. Bb4 Re8 20. cxd5 cxd5 21. Bxc5
bxc5 22. Nxc5 Bxc5 23. Qxc5 Qxe5 24. e3 Rec8 25. Qd4 Qxd4 26. Rxd4 Bb5 27. Rad1
Rc3 28. Rb4 Be2 29. Re1 Ra2 30. Bf1 Bxf1 31. Rxf1 Kf7 32. Rb8 Kf6 33. b4 g5 34.
h3 Rcc2 35. Rh8 Kg7 36. Re8 Kf7 37. Rh8 Kg6 38. Re8 Kf7 39. Rh8 Kg7 40. Re8 Kf6
41. Rh8 Rc7 42. Rb1 Ke5 43. b5 Ke4 44. Kg2 Rcc2 45. Rf1 Ra3 46. b6 Rb2 47. Rxh7
Rxe3 48. b7 Ree2 49. h4 gxh4 50. gxh4 Rb6 51. h5 Reb2 52. Re7 Kf4 53. Re1 Rxb7
54. R7xe6 Rg7+ 55. Rg6 Rxg6+ 56. hxg6 Rb6 57. Re7 Rxg6+ 58. Kf1 Ra6 59. Ke2
Ra2+ 60. Ke1 d4 61. Re6 Kf3 62. Rf6 f4 63. Rf7 Re2+ 64. Kd1 Rxf2 65. Ke1 Re2+
66. Kd1 Re8 67. Kd2 Kg3 68. Rg7+ Kf2 69. Rf7 f3 70. Rg7 Kf1 71. Rg4 f2 72. Rg7
Re2+ 73. Kd1 Ra2 74. Rg6 d3 75. Rg7 d2 76. Rg6 Ra1+ 77. Kxd2 Ra5 78. Rf6 Rd5+
79. Ke3 Re5+ 80. Kd2 Re7 81. Rg6 Rd7+ 82. Kc2 Rd5 83. Kc3 Ke2 84. Re6+ Kf3 85.
Rf6+ Ke3 86. Rf7 Rd1 87. Re7+ Kf3 88. Rf7+ Kg3 89. Rg7+ Kh4 90. Rh7+ Kg5 0-1

[Event "Olomouc Chess Summer 2017 - open"]
[Site "Olomouc (CZE)"]
[Date "2017.08.16"]
[Round "6.8"]
[White "Steiner 2185, Bruno"]
[Black "Zakoucka 2009, Adela"]
[Result "1-0"]
[WhiteElo "2185"]
[BlackElo "2009"]
[PlyCount "111"]
[EventDate "2017.??.??"]

1. c4 Nf6 2. g3 g6 3. Bg2 Bg7 4. Nc3 d6 5. e4 e5 6. Nge2 O-O 7. O-O Ne8 8. d3
Be6 9. Be3 Qd7 10. Qd2 Bh3 11. Bxh3 Qxh3 12. d4 Nc6 13. d5 Ne7 14. f3 Qd7 15.
b4 f5 16. Bg5 Bf6 17. Bh6 Bg7 18. Bxg7 Nxg7 19. a4 a5 20. bxa5 Rxa5 21. f4 b6
22. Nb5 Ne8 23. Qb2 c6 24. Nbc3 Qa7 25. dxc6 Nxc6 26. Kh1 Qa6 27. Qb3 Rc5 28.
Rfb1 Na5 29. Qxb6 Qxb6 30. Rxb6 Nxc4 31. Rb5 Nc7 32. Rxc5 dxc5 33. Rb1 Na5 34.
fxe5 Re8 35. Nd5 Nxd5 36. exd5 Rxe5 37. Rb5 Nc4 38. Rxc5 Nb2 39. Nc3 Nd3 40.
Rc8+ Kf7 41. Rc7+ Kf6 42. Rxh7 f4 43. Kg2 Ne1+ 44. Kf1 f3 45. Kf2 g5 46. Rh6+
Kf5 47. Re6 Kg4 48. h3+ Kxh3 49. Rxe5 Nd3+ 50. Kxf3 Nxe5+ 51. Ke4 Nc4 52. Kf5
g4 53. Ne4 Ne3+ 54. Ke6 Nc4 55. d6 Nxd6 56. Kxd6 1-0

[Event "Olomouc Chess Summer 2017 - open"]
[Site "Olomouc (CZE)"]
[Date "2017.08.16"]
[Round "6"]
[White "Dolansky, Lukas"]
[Black "Leite Oralova, Catarina"]
[Result "1/2-1/2"]
[WhiteElo "2024"]
[BlackElo "2164"]
[PlyCount "81"]
[EventDate "2017.??.??"]

1. e4 e5 2. Nf3 Nc6 3. d4 Nxd4 4. Nxe5 Ne6 5. Bc4 Nf6 6. Nd2 Be7 7. O-O O-O 8.
c3 d6 9. Nef3 Nf4 10. Nb3 Ng6 11. Qc2 Bg4 12. Be2 Re8 13. h3 Bd7 14. Re1 Nh5
15. Kh2 Nhf4 16. Bf1 Qc8 17. Nbd4 Bf6 18. Bd2 Be5 19. Nxe5 dxe5 20. Nf5 Qd8 21.
Rad1 Qc8 22. a4 Ne6 23. b4 Ne7 24. Nxe7+ Rxe7 25. Be3 Qe8 26. Ra1 h6 27. Qb3
Nf4 28. g3 Ne6 29. Red1 Bc6 30. Bg2 a6 31. c4 b6 32. b5 Bb7 33. a5 axb5 34.
axb6 Rxa1 35. Rxa1 bxc4 36. Qxc4 cxb6 37. Bxb6 Qc6 38. Qxc6 Bxc6 39. Rc1 Bb7
40. Be3 Rd7 41. Rb1 1/2-1/2

[Event "Olomouc Chess Summer 2017 - open"]
[Site "Olomouc (CZE)"]
[Date "2017.08.16"]
[Round "6"]
[White "Zaehringer, Daniel"]
[Black "Schmid, Thomas"]
[Result "1/2-1/2"]
[WhiteElo "2015"]
[BlackElo "2127"]
[PlyCount "123"]
[EventDate "2017.??.??"]

1. d4 Nf6 2. Bg5 c5 3. d5 Ne4 4. Bf4 Qb6 5. Nd2 Nxd2 6. Bxd2 Qxb2 7. e4 e6 8.
Nf3 Qb6 9. Bc3 a6 10. Bc4 Qd8 11. a4 d6 12. dxe6 Bxe6 13. Bd5 Nc6 14. O-O h6
15. Re1 Qd7 16. Rb1 O-O-O 17. Nd2 Bxd5 18. exd5 Ne5 19. Bxe5 dxe5 20. Nc4 Qc7
21. Nxe5 Re8 22. Qg4+ Kd8 23. Nf3 Rxe1+ 24. Rxe1 g6 25. g3 Bd6 26. Kg2 Qd7 27.
Qh4+ Kc8 28. Qe4 Rd8 29. Nd2 Bc7 30. c4 Qxa4 31. Qe7 Ba5 32. Qxc5+ Kb8 33. Re7
Qb4 34. Nb3 Qxc5 35. Nxc5 b5 36. Nxa6+ Kc8 37. cxb5 Rxd5 38. Rxf7 Rxb5 39. Rf6
Rb6 40. Rxb6 Bxb6 41. f4 Kd7 42. Kf3 Ke6 43. Ke4 h5 44. h3 Bf2 45. Kf3 Bb6 46.
Nb4 Ba5 47. Nd3 Kf5 48. Nf2 Be1 49. Nd1 Bd2 50. Ne3+ Ke6 51. Nc4 Be1 52. Ne5
Kf5 53. g4+ hxg4+ 54. hxg4+ Kf6 55. Ke4 Bc3 56. g5+ Kg7 57. Kd5 Bd2 58. Nd3 Kf7
59. Ke5 Bc3+ 60. Kd6 Bd2 61. Kd7 Be3 62. Ne5+ 1/2-1/2

[Event "Olomouc Chess Summer 2017 - open"]
[Site "Olomouc (CZE)"]
[Date "2017.08.16"]
[Round "6"]
[White "Wiegers, Kasper"]
[Black "Fogel, Pierre"]
[Result "1-0"]
[WhiteElo "1878"]
[BlackElo "2106"]
[PlyCount "105"]
[EventDate "2017.??.??"]

1. e4 c5 2. d4 cxd4 3. c3 Nf6 4. e5 Nd5 5. Nf3 Nc6 6. cxd4 d6 7. Bc4 e6 8. O-O
Be7 9. Nbd2 Nb6 10. Bb3 d5 11. Qe2 a5 12. a3 Bd7 13. Rd1 a4 14. Ba2 Na5 15. h3
Rc8 16. Nh2 Nbc4 17. Qg4 g6 18. Nxc4 h5 19. Qg3 Nxc4 20. Nf3 b5 21. Bb1 Rg8 22.
Ng5 Na5 23. Be3 Nb3 24. Rd3 Bxg5 25. Bxg5 Qc7 26. Rxb3 axb3 27. Qxb3 Bc6 28.
Qb4 f6 29. Bxf6 Kf7 30. Bd3 Qd7 31. Rc1 Rc7 32. Qd2 Ke8 33. Qh6 Qf7 34. Rxc6
Rxc6 35. Bxb5 Kd7 36. Bxc6+ Kxc6 37. Qc1+ Kb7 38. Qc5 Rc8 39. Qb4+ Ka7 40. g3
Qb7 41. Be7 Qxb4 42. Bxb4 Rc2 43. Bc3 Ka6 44. a4 Rc1+ 45. Kg2 Ra1 46. a5 Kb5
47. f4 Kc4 48. g4 hxg4 49. hxg4 Kd3 50. f5 gxf5 51. gxf5 exf5 52. e6 Rc1 53. a6
1-0

[Event "Olomouc Chess Summer 2017 - open"]
[Site "Olomouc (CZE)"]
[Date "2017.08.16"]
[Round "6"]
[White "Molnar, Jiri"]
[Black "Mitchell, Martin"]
[Result "0-1"]
[WhiteElo "1918"]
[BlackElo "2228"]
[PlyCount "80"]
[EventDate "2017.??.??"]

1. e4 d6 2. d4 Nf6 3. Nc3 g6 4. Nf3 Bg7 5. Bc4 O-O 6. O-O Nxe4 7. Nxe4 d5 8.
Bd3 dxe4 9. Bxe4 Nd7 10. c3 c5 11. Be3 Qc7 12. dxc5 Nxc5 13. Bxc5 Qxc5 14. Qe2
Bd7 15. Rfd1 Bb5 16. Bd3 Bxd3 17. Rxd3 Rad8 18. Rad1 Rxd3 19. Qxd3 b5 20. Rd2
Rc8 21. Rc2 b4 22. c4 e5 23. Qe3 Qc6 24. b3 e4 25. Ne1 Bc3 26. Re2 f5 27. g3 a5
28. a4 Rd8 29. Qa7 Rd1 30. Qb8+ Kf7 31. Qa7+ Qd7 32. Qxd7+ Rxd7 33. Nc2 Rd1+
34. Kg2 Rb1 35. f3 exf3+ 36. Kxf3 Rxb3 37. Kf4 Rb2 38. Ke3 b3 39. Na3 Ra2 40.
Nb5 Bb4 0-1

[Event "Olomouc Chess Summer 2017 - open"]
[Site "Olomouc (CZE)"]
[Date "2017.08.16"]
[Round "6"]
[White "Kusenkova, Natallia"]
[Black "Vymetal, Milan"]
[Result "1-0"]
[WhiteElo "2088"]
[BlackElo "1899"]
[PlyCount "47"]
[EventDate "2017.??.??"]

1. d4 Nf6 2. c4 g6 3. Nc3 Bg7 4. Nf3 O-O 5. Bg5 h6 6. Bh4 d6 7. e3 c5 8. d5 Qb6
9. Qc2 Bf5 10. e4 Nxe4 11. Nxe4 Bxb2 12. Rb1 Qa5+ 13. Qd2 Qxa2 14. Bd3 Bxe4 15.
Rxb2 Qa6 16. Ra2 Qb6 17. Bxe4 Na6 18. Qxh6 Qb4+ 19. Nd2 Qc3 20. O-O Nb4 21.
Raa1 a5 22. Bxe7 Rfe8 23. Bxd6 a4 24. Bxc5 1-0

[Event "Olomouc Chess Summer 2017 - open"]
[Site "Olomouc (CZE)"]
[Date "2017.08.16"]
[Round "6"]
[White "Zdrazil, Tomas"]
[Black "Ochman, Tomas"]
[Result "1-0"]
[WhiteElo "2078"]
[BlackElo "1853"]
[PlyCount "89"]
[EventDate "2017.??.??"]

1. e4 e5 2. Nf3 Nf6 3. Nxe5 d6 4. Nf3 Nxe4 5. d4 d5 6. Bd3 Bd6 7. O-O O-O 8. c4
c6 9. Qc2 f5 10. Nc3 Be6 11. Qb3 Qb6 12. Qxb6 axb6 13. cxd5 Bxd5 14. Nxd5 cxd5
15. Bc2 Nd7 16. Bb3 Nef6 17. Bg5 Rfe8 18. Rfe1 Kf7 19. Bxf6 Nxf6 20. Ne5+ Kf8
21. f3 Rad8 22. Rad1 g6 23. a3 Kg7 24. Kf2 b5 25. g3 Re7 26. Nd3 Rxe1 27. Rxe1
Kf7 28. Rc1 Kg8 29. Rc3 Bb8 30. Nc5 Ba7 31. Bd1 Rc8 32. Be2 Bxc5 33. Rxc5 Rxc5
34. dxc5 Kf7 35. Bxb5 Ke7 36. Ke3 Ke6 37. Kd4 Nh5 38. c6 bxc6 39. Bxc6 Nf6 40.
b4 Kd6 41. b5 g5 42. a4 h5 43. a5 f4 44. gxf4 gxf4 45. a6 1-0

[Event "Olomouc Chess Summer 2017 - open"]
[Site "Olomouc (CZE)"]
[Date "2017.08.16"]
[Round "6"]
[White "Diez Viera, Oscar"]
[Black "Spice, Alan"]
[Result "1/2-1/2"]
[WhiteElo "1861"]
[BlackElo "2070"]
[PlyCount "120"]
[EventDate "2017.??.??"]

1. g3 e5 2. Bg2 Nf6 3. c4 Bc5 4. e3 O-O 5. Ne2 d5 6. cxd5 Nxd5 7. a3 a5 8. Nbc3
Nxc3 9. Nxc3 Nc6 10. Qc2 Be6 11. b3 Qd7 12. Bb2 Bf5 13. Ne4 Be7 14. d3 Rad8 15.
Rd1 Bh3 16. O-O Bxg2 17. Kxg2 Qd5 18. Qc4 f5 19. Qxd5+ Rxd5 20. Nc3 Rd7 21. Kf3
Rfd8 22. Ke2 Bf6 23. f3 Be7 24. f4 exf4 25. gxf4 Bc5 26. Rf3 Be7 27. Nb5 g6 28.
Rg3 Kf7 29. Rh3 Kg8 30. Rg3 Kf7 31. Rh3 h5 32. Rg3 Bh4 33. Rh3 Be7 34. Rg3 Bh4
35. Rh3 Bf6 36. Bxf6 Kxf6 37. Rg3 Ne7 38. Nc3 Kf7 39. h4 c6 40. Rd2 Nd5 41.
Nxd5 Rxd5 42. Rg1 Rc5 43. d4 Rb5 44. Rb1 c5 45. a4 Rb4 46. dxc5 Rxd2+ 47. Kxd2
Ke6 48. Kc3 Kd5 49. Rg1 Re4 50. Kd3 Re6 51. Rc1 Rc6 52. Rc4 Rxc5 53. Rd4+ Kc6
54. Kd2 Rd5 55. Kc3 Kc5 56. Rc4+ Kd6 57. Rd4 Kc6 58. Kd3 Kc5 59. Kc3 Kc6 60.
Kd3 Kc5 1/2-1/2

[Event "Olomouc Chess Summer 2017 - seniors"]
[Site "Olomouc (CZE)"]
[Date "2017.08.16"]
[Round "6"]
[White "Fiala, Jiri"]
[Black "Trojan, Lubos"]
[Result "0-1"]
[WhiteElo "1817"]
[BlackElo "1989"]
[PlyCount "120"]
[EventDate "2017.??.??"]

1. d4 d5 2. Nf3 c6 3. Bf4 Qb6 4. b3 Bf5 5. e3 Nf6 6. Bd3 Bg6 7. O-O Nbd7 8. Ne5
e6 9. Nxd7 Nxd7 10. Qe2 Be7 11. Nd2 Nf6 12. h3 O-O 13. Bxg6 hxg6 14. c4 Qa6 15.
a3 Rfd8 16. b4 dxc4 17. Qxc4 Qxc4 18. Nxc4 Nd5 19. Bh2 f6 20. Rfc1 Rd7 21. g4
Kf7 22. Na5 Rh8 23. Kg2 f5 24. Bg3 Bg5 25. Nc4 Bf6 26. g5 Bxg5 27. Ne5+ Ke8 28.
Nxd7 Kxd7 29. f4 Be7 30. Re1 Nc3 31. Rh1 Ne4 32. Be1 g5 33. a4 gxf4 34. exf4
Bf6 35. Rd1 Kd6 36. h4 Kd5 37. Rh3 b6 38. Kh2 Be7 39. Kg2 Bd6 40. Rf3 Rh6 41.
b5 cxb5 42. axb5 Rg6+ 43. Kf1 Rg4 44. Ra1 Bb8 45. Ra4 Bxf4 46. Rxa7 Kxd4 47.
Bf2+ Kc4 48. Ke1 Bd2+ 49. Kd1 Ba5 50. Re7 Nxf2+ 51. Rxf2 Rd4+ 52. Kc2 Kd5 53.
Rxg7 Rc4+ 54. Kd1 Rxh4 55. Rg6 Re4 56. Rf6 Bc3 57. Rf7 Bd4 58. Rd2 f4 59. Re2
Be3 60. Rf6 Rb4 0-1

[Event "Olomouc Chess Summer 2017 - seniors"]
[Site "Olomouc (CZE)"]
[Date "2017.08.16"]
[Round "6"]
[White "Stokes, Paul C"]
[Black "Klanica, Anton"]
[Result "1-0"]
[WhiteElo "1871"]
[BlackElo "1729"]
[PlyCount "97"]
[EventDate "2017.??.??"]

1. d4 Nf6 2. c4 e5 3. dxe5 Ng4 4. Nf3 Nc6 5. Nc3 Ncxe5 6. Nxe5 Nxe5 7. e3 Bb4
8. Bd2 O-O 9. Be2 b6 10. a3 Bxc3 11. Bxc3 Nc6 12. Bf3 Bb7 13. b4 Qe7 14. O-O
Nd8 15. Bd5 Kh8 16. Qh5 Bxd5 17. cxd5 f6 18. Rac1 Rc8 19. Rfd1 d6 20. Qf5 Nf7
21. b5 Rfe8 22. Bb2 Qe4 23. Qd7 Qe7 24. Qxe7 Rxe7 25. Rc4 Kg8 26. e4 Kf8 27. f3
Ke8 28. Rdc1 Kd8 29. Kf2 Ra8 30. Ke3 Kc8 31. g4 Kb7 32. h4 a6 33. bxa6+ Rxa6
34. h5 Ra5 35. a4 Rxd5 36. Rxc7+ Rxc7 37. Rxc7+ Kxc7 38. exd5 Kd7 39. f4 Nh6
40. Kf3 Nf7 41. Bd4 Kc7 42. Ke4 Nh6 43. g5 f5+ 44. Kf3 Ng8 45. Bxg7 Ne7 46. g6
hxg6 47. h6 g5 48. fxg5 Ng6 49. h7 1-0

[Event "Olomouc Chess Summer 2017 - seniors"]
[Site "Olomouc (CZE)"]
[Date "2017.08.16"]
[Round "6"]
[White "Heppell, Ian N"]
[Black "Pokora, Lubomir"]
[Result "1-0"]
[WhiteElo "2062"]
[BlackElo "1901"]
[PlyCount "39"]
[EventDate "2017.??.??"]

1. e4 e5 2. Nf3 Nf6 3. d4 Nxe4 4. Bd3 d5 5. Nxe5 Nd7 6. O-O Bd6 7. Nc3 Nxe5 8.
dxe5 Bxe5 9. Nxe4 dxe4 10. Qe2 exd3 11. Qxe5+ Kf8 12. cxd3 Qd6 13. Qe4 f5 14.
Qf3 c6 15. Bf4 Qd5 16. Qg3 Bd7 17. Rfe1 Re8 18. Rxe8+ Bxe8 19. Re1 h5 20. Bd6+
1-0

[Event "Olomouc Chess Summer 2017 - seniors"]
[Site "Olomouc (CZE)"]
[Date "2017.08.16"]
[Round "6"]
[White "Spanton, Tim R"]
[Black "Skielnik, Joseph J"]
[Result "1/2-1/2"]
[WhiteElo "1836"]
[BlackElo "1849"]
[PlyCount "103"]
[EventDate "2017.??.??"]

1. e4 c6 2. d4 d5 3. Nc3 dxe4 4. Nxe4 Nf6 5. Nxf6+ exf6 6. c3 Bf5 7. Bd3 Bxd3
8. Qxd3 Bd6 9. Qe4+ Kf8 10. Bf4 Na6 11. Ne2 Nc7 12. O-O Nd5 13. Bg3 g6 14. Rfe1
Kg7 15. Nf4 Nxf4 16. Bxf4 Bxf4 17. Qxf4 Qd7 18. Re3 Rae8 19. Rae1 Rxe3 20. Qxe3
Rd8 21. Qe7 b6 22. h3 a6 23. Qxd7 Rxd7 24. Re8 c5 25. dxc5 Rd1+ 26. Kh2 bxc5
27. Kg3 Rd2 28. Rb8 g5 29. Kf3 Kg6 30. a4 h5 31. Ke3 Rc2 32. a5 Kf5 33. Rb6 Ke5
34. Rxa6 Rxb2 35. Rc6 Rb5 36. a6 Ra5 37. Kd3 f5 38. Kc4 Kf4 39. Rxc5 Rxa6 40.
Kb5 Ra2 41. g3+ Ke4 42. f4 g4 43. hxg4 hxg4 44. Re5+ Kf3 45. Rxf5 Kxg3 46. Rg5
Kf2 47. f5 g3 48. Rg7 g2 49. c4 g1=Q 50. Rxg1 Kxg1 51. c5 Rf2 52. c6 1/2-1/2